Reálny ekonomický cyklus v podmienkach nedokonalého fungovania kapitálového trhu

Vplyv nedokonalej pružnosti úrokovej miery na kapitálovom trhu na blahobyt v prípade, že je ekonomika vystavená náhodným technologickým šokom. Pomocou jednoduchého RBC /reálneho ekonomického cyklu/ modelu kalibrovaného na podmienky Slovenskej republiky autor identifikuje základné faktory, ktoré vpl...

Ausführliche Beschreibung

Gespeichert in:
Bibliographische Detailangaben
1. Verfasser: Dujava, Daniel
Format: Buchkapitel
Sprache:Slowakisch
Schlagworte:
Tags: Tag hinzufügen
Keine Tags, Fügen Sie das erste Tag hinzu!

MARC

LEADER 00000nla$a2200000$$$4500
001 0107591
005 20240502072203.7
041 0 |a slo 
044 |a SK 
245 1 0 |a Reálny ekonomický cyklus v podmienkach nedokonalého fungovania kapitálového trhu  |c Daniel Dujava 
520 |a Vplyv nedokonalej pružnosti úrokovej miery na kapitálovom trhu na blahobyt v prípade, že je ekonomika vystavená náhodným technologickým šokom. Pomocou jednoduchého RBC /reálneho ekonomického cyklu/ modelu kalibrovaného na podmienky Slovenskej republiky autor identifikuje základné faktory, ktoré vplývajú na potrebu pružnej úrokovej miery. Model predpovedá významný vplyv elasticity substitúcie výrobných faktorov, ako aj perzistencie a intenzity technologických šokov na straty blahobytu v podmienkach nedokonale fungujúceho kapitálového trhu. 
610 2 0 |a kapitál 
610 2 0 |a dopyt 
610 2 0 |a pružnosť cenová 
610 2 0 |a teórie ekonomické 
610 2 0 |a blahobyt 
610 2 0 |a pružnosť 
610 2 0 |a miera úroková 
610 2 0 |a technológia 
610 2 0 |a trh kapitálový 
610 2 0 |a efektívnosť 
100 1 |a Dujava, Daniel